[Event "Benidorm op-A"]
[Site "Benidorm"]
[Date "2023.11.02"]
[Round "6"]
[White "Ezra, Paul Chambers"]
[Black "Krishnan, Ritvik"]
[Result "0-1"]
[WhiteElo "2313"]
[BlackElo "2176"]
[PlyCount "116"]
[EventDate "2023.10.29"]
[EventType "swiss"]
[EventRounds "9"]
[EventCountry "ESP"]
[SourceTitle "Mega2024 Update 01"]
[Source "Chessbase"]
[SourceDate "2023.11.12"]
[SourceVersion "1"]
[SourceVersionDate "2023.11.12"]
[SourceQuality "1"]

1. e4 e6 2. d4 d5 3. Nd2 a6 4. Ngf3 c5 5. dxc5 Bxc5 6. Bd3 Nf6 7. 0-0 Nc6 8. Qe2 Qc7 9. c3 h6 10. e5 Nd7 11. Nb3 Ba7 12. Bf4 0-0 13. Bg3 Nc5 14. Bc2 Bd7 15. Kh1 Rac8 16. h4 Nxb3 17. Qd3 g6 18. axb3 Kg7 19. Qd2 Qd8 20. Nh2 Rh8 21. b4 Ne7 22. Ng4 Nf5 23. Bxf5 exf5 24. Nf6 Be6 25. Rfd1 Rc4 26. f4 Qb6 27. Nxd5 Qc6 28. b3 Re4 29. c4 Rd4 30. Qb2 Bxd5 31. cxd5 Rxd5 32. e6+ f6 33. Qe2 Re8 34. Qc4 Rxd1+ 35. Rxd1 Qxe6 36. Qxe6 Rxe6 37. Rd7+ Kf8 38. h5 gxh5 39. Rxb7 Re7 40. Rxe7 Kxe7 41. Be1 Ke6 42. Kh2 Kd5 43. Kg3 Bb8 44. Bc3 Ke4 45. Bxf6 Bxf4+ 46. Kh4 Bd2 47. Be7 Kd3 48. Kxh5 Kc3 49. Kg6 f4 50. Bf8 Kxb3 51. Bxh6 Kxb4 52. Kf5 a5 53. Ke4 Kc4 54. Bf8 a4 55. Ba3 Kb3 56. Bd6 Bb4 57. Be5 a3 58. Kd3 a2 0-1

[Event "Benidorm op-A"]
[Site "Benidorm"]
[Date "2023.10.31"]
[Round "3"]
[White "Sonis, Francesco"]
[Black "Ezra, Paul Chambers"]
[Result "1-0"]
[WhiteElo "2564"]
[BlackElo "2313"]
[PlyCount "99"]
[EventDate "2023.10.29"]
[EventType "swiss"]
[EventRounds "9"]
[EventCountry "ESP"]
[SourceTitle "Mega2024 Update 01"]
[Source "Chessbase"]
[SourceDate "2023.11.12"]
[SourceVersion "1"]
[SourceVersionDate "2023.11.12"]
[SourceQuality "1"]

1. Nf3 d5 2. g3 c6 3. Bg2 Nf6 4. 0-0 Bg4 5. c4 e6 6. Qb3 Qb6 7. d3 Nbd7 8. h3 Bh5 9. g4 Bg6 10. Nh4 Bd6 11. Be3 Bc5 12. Bxc5 Nxc5 13. Qa3 0-0 14. Rc1 Nfd7 15. Nd2 a5 16. Nxg6 hxg6 17. d4 Na6 18. Qc3 Nf6 19. e3 Nb8 20. Rab1 Nbd7 21. b4 axb4 22. Rxb4 Qa7 23. Rc2 b6 24. g5 Nh7 25. h4 Rfd8 26. Rb1 Nhf8 27. e4 dxe4 28. Nxe4 Qc7 29. Qg3 e5 30. Bh3 Re8 31. c5 Reb8 32. Re1 bxc5 33. dxe5 Re8 34. f4 Ra4 35. Nd6 Rea8 36. Nxf7 Nb6 37. Nd6 Nd5 38. Rf2 Ra3 39. Rf3 Rxa2 40. f5 gxf5 41. Bxf5 Ra1 42. Ref1 Rxf1+ 43. Rxf1 Ra4 44. Bc2 Rb4 45. Qh3 Qe7 46. Rxf8+ Qxf8 47. Qe6+ Kh8 48. Nf7+ Kg8 49. Nh6+ Kh8 50. Qg6 1-0

[Event "Benidorm op-A"]
[Site "Benidorm"]
[Date "2023.10.30"]
[Round "2"]
[White "Unhjem, Bjorn Robert Lovoll"]
[Black "Ezra, Paul Chambers"]
[Result "0-1"]
[WhiteElo "1990"]
[BlackElo "2313"]
[PlyCount "114"]
[EventDate "2023.10.29"]
[EventType "swiss"]
[EventRounds "9"]
[EventCountry "ESP"]
[SourceTitle "Mega2024 Update 01"]
[Source "Chessbase"]
[SourceDate "2023.11.12"]
[SourceVersion "1"]
[SourceVersionDate "2023.11.12"]
[SourceQuality "1"]

1. e4 e6 2. d4 d5 3. Nd2 h6 4. Ngf3 Nf6 5. e5 Nfd7 6. Bd3 c5 7. c3 Nc6 8. 0-0 g5 9. Bb5 g4 10. Ne1 cxd4 11. Qxg4 dxc3 12. bxc3 Ndxe5 13. Qe2 Nd7 14. Nef3 Bg7 15. Ba3 a6 16. Bd3 Nde5 17. Bc2 Qc7 18. c4 Nxf3+ 19. Nxf3 dxc4 20. Rad1 b5 21. Rfe1 Bd7 22. Bd6 Qb6 23. Ne5 Nxe5 24. Bxe5 Bxe5 25. Qxe5 Ke7 26. Qf4 Rad8 27. Qh4+ f6 28. Rd5 Bc8 29. Rf5 Qd4 30. Qg3 Rhg8 31. Qa3+ Qd6 32. Rc5 Rd7 33. Bf5 Kf7 34. Bh3 Rg5 35. Rxg5 Qxa3 36. Bxe6+ Ke7 37. Rg7+ Kd8 38. Bxd7 Bxd7 39. Rd1 Kc8 40. Rgxd7 c3 41. Rd8+ Kc7 42. R1d7+ Kb6 43. Rd6+ Kc5 44. Rd3 b4 45. g4 Qxa2 46. Rc8+ Kb5 47. Kg2 Qe6 48. Rb8+ Kc4 49. Rdd8 Qxg4+ 50. Kf1 Kb3 51. Ke1 a5 52. Rd3 a4 53. h3 Qe4+ 54. Re3 Qd4 55. Rc8 a3 56. Re2 Qd5 57. Kf1 Qh1# 0-1

[Event "Sunnyvale Silicon Valley Fall op"]
[Site "Sunnyvale"]
[Date "2023.09.02"]
[Round "4"]
[White "Ezra, Paul Chambers"]
[Black "Karthi, Jashith"]
[Result "1/2-1/2"]
[WhiteElo "2323"]
[BlackElo "2026"]
[PlyCount "41"]
[EventDate "2023.08.31"]
[EventType "swiss"]
[EventRounds "9"]
[EventCountry "USA"]
[SourceTitle "EXT 2024"]
[Source "ChessBase"]
[SourceDate "2023.10.10"]
[SourceVersion "1"]
[SourceVersionDate "2023.10.10"]
[SourceQuality "1"]

1. e4 e5 2. Nf3 Nc6 3. Bb5 a6 4. Ba4 Nf6 5. d3 b5 6. Bb3 Be7 7. 0-0 d6 8. c3 0-0 9. Re1 Na5 10. Bc2 c5 11. Nbd2 Re8 12. Nf1 Bf8 13. Ng3 g6 14. h3 Bg7 15. Bg5 h6 16. Be3 Bb7 17. Qd2 Kh7 18. a3 Nc6 19. d4 cxd4 20. cxd4 exd4 21. Bxd4 1/2-1/2

[Event "Las Vegas National op"]
[Site "Las Vegas"]
[Date "2023.06.18"]
[Round "9"]
[White "Willow, Jonah B"]
[Black "Ezra, Paul Chambers"]
[Result "0-1"]
[WhiteElo "2447"]
[BlackElo "2321"]
[PlyCount "70"]
[EventDate "2023.06.14"]
[EventType "swiss"]
[EventRounds "9"]
[EventCountry "USA"]
[SourceTitle "CBM 214 Extra"]
[Source "ChessBase"]
[SourceDate "2023.07.31"]
[SourceVersion "1"]
[SourceVersionDate "2023.07.31"]
[SourceQuality "1"]

1. e4 c6 2. d4 d5 3. e5 Bf5 4. Nd2 e6 5. Nb3 Nd7 6. Nf3 Qc7 7. Be2 f6 8. Bf4 0-0-0 9. Bg3 fxe5 10. dxe5 c5 11. 0-0 h6 12. Nbd2 Ne7 13. b4 Nc6 14. bxc5 Nxc5 15. Bb5 d4 16. Nh4 Bh7 17. Nb3 g5 18. Nxc5 Bxc5 19. Nf3 Nb4 20. Bd3 Nxd3 21. cxd3 Kb8 22. Qb3 Qd7 23. Nd2 Qd5 24. Nc4 h5 25. h4 Rhg8 26. f3 Be7 27. hxg5 Bxg5 28. Rab1 Rd7 29. Kh1 Rdg7 30. Nd6 Be3 31. Be1 b6 32. Ne4 Qxb3 33. Rxb3 Rxg2 34. Nf6 R8g7 35. Nxh7 Bf4 0-1

[Event "Saint Louis 1000 GM 01"]
[Site "Saint Louis"]
[Date "2023.01.29"]
[Round "9.6"]
[White "Ezra, Paul Chambers"]
[Black "Krishnan, Varun"]
[Result "1/2-1/2"]
[WhiteElo "2245"]
[BlackElo "2379"]
[PlyCount "45"]
[EventDate "2023.01.25"]
[EventType "schev"]
[EventRounds "9"]
[EventCountry "USA"]
[SourceTitle "CBM 212 Extra"]
[Source "ChessBase"]
[SourceDate "2023.03.31"]
[SourceVersion "1"]
[SourceVersionDate "2023.03.31"]
[SourceQuality "1"]
[WhiteTeam "Team D"]
[BlackTeam "Team A"]
[WhiteTeamCountry "USA"]
[BlackTeamCountry "USA"]

1. e4 c5 2. Nf3 d6 3. Nc3 Nf6 4. d4 cxd4 5. Nxd4 Nc6 6. Bg5 a6 7. Bxf6 gxf6 8. Be2 Qb6 9. Nb3 f5 10. Nd5 Qd8 11. exf5 Bxf5 12. Bg4 Bxg4 13. Qxg4 e6 14. Ne3 Qf6 15. c3 Ne5 16. Qe2 Bh6 17. Rd1 Rd8 18. Na5 Qe7 19. 0-0 d5 20. Rfe1 Bg7 21. Nb3 Ng6 22. g3 Kf8 23. f4 1/2-1/2

[Event "Saint Louis 1000 GM 01"]
[Site "Saint Louis"]
[Date "2023.01.28"]
[Round "6.6"]
[White "Ezra, Paul Chambers"]
[Black "Budisavljevic, Luka"]
[Result "0-1"]
[WhiteElo "2245"]
[BlackElo "2502"]
[PlyCount "76"]
[EventDate "2023.01.25"]
[EventType "schev"]
[EventRounds "9"]
[EventCountry "USA"]
[SourceTitle "CBM 212 Extra"]
[Source "ChessBase"]
[SourceDate "2023.03.31"]
[SourceVersion "1"]
[SourceVersionDate "2023.03.31"]
[SourceQuality "1"]
[WhiteTeam "Team D"]
[BlackTeam "Team C"]
[WhiteTeamCountry "USA"]
[BlackTeamCountry "USA"]

1. e4 e5 2. Nf3 Nc6 3. Bb5 a6 4. Ba4 Bc5 5. 0-0 Nge7 6. c3 Ba7 7. d4 Ng6 8. Bg5 f6 9. Be3 0-0 10. d5 Nce7 11. d6 cxd6 12. Bxa7 Rxa7 13. Qxd6 b5 14. Bb3+ Kh8 15. a4 Rb7 16. axb5 Rb6 17. Qd1 axb5 18. Nbd2 Bb7 19. c4 Nf4 20. Ra3 f5 21. Bc2 Qe8 22. g3 Nh3+ 23. Kg2 Rh6 24. Re1 bxc4 25. Ra7 Qb8 26. Rxb7 Qxb7 27. exf5 Nxf5 28. Nxc4 d6 29. Be4 Qf7 30. Qd5 Qxd5 31. Bxd5 g5 32. Re4 Ne7 33. Ne3 Nxf2 34. Kxf2 Rhf6 35. Ke2 Rxf3 36. b4 Rxe3+ 37. Rxe3 Nxd5 38. Rb3 Rb8 0-1

[Event "Pan American Intercollegiate-chT"]
[Site "Seattle"]
[Date "2023.01.08"]
[Round "6"]
[White "Druska, Juraj"]
[Black "Ezra, Paul Chambers"]
[Result "1-0"]
[WhiteElo "2510"]
[BlackElo "2245"]
[PlyCount "101"]
[EventDate "2023.01.05"]
[EventType "team-swiss"]
[EventRounds "6"]
[EventCountry "USA"]
[SourceTitle "CBM 212 Extra"]
[Source "ChessBase"]
[SourceDate "2023.03.31"]
[SourceVersion "1"]
[SourceVersionDate "2023.03.31"]
[SourceQuality "1"]
[WhiteTeam "Texas Rio Grande Valley Univ"]
[BlackTeam "Webster Univ II"]
[WhiteTeamCountry "USA"]
[BlackTeamCountry "USA"]

1. b3 d5 2. Bb2 Bf5 3. Nf3 e6 4. g3 Nf6 5. Bg2 h6 6. c4 c6 7. 0-0 Be7 8. d3 0-0 9. Nbd2 Bh7 10. Ne5 Nbd7 11. Ndf3 Nxe5 12. Nxe5 Nd7 13. Qd2 Re8 14. Rad1 a5 15. Bc3 Nxe5 16. Bxe5 Bf8 17. Qb2 Qe7 18. e4 Rad8 19. Rfe1 dxe4 20. Bxe4 Rd7 21. Bc3 Ra8 22. a4 Qd8 23. Bxh7+ Kxh7 24. d4 Kg8 25. Rd3 Qb6 26. Red1 Rad8 27. Qe2 Qc7 28. Qg4 b5 29. h4 bxc4 30. bxc4 Rb8 31. Bd2 Kh8 32. Qh5 Bb4 33. Bf4 Bd6 34. Bd2 Bb4 35. Bf4 Bd6 36. Bxd6 Rxd6 37. Qc5 Qd8 38. d5 exd5 39. cxd5 Rc8 40. Rc1 Ra8 41. Rf3 Rxd5 42. Qxc6 Ra7 43. Re1 Kh7 44. Re8 Qd7 45. Qc2+ g6 46. Rc8 Qd6 47. Re3 Rd1+ 48. Kg2 Qd5+ 49. Rf3 Rd7 50. h5 Qxh5 51. Qxd1 1-0

[Event "Hollywood Classic 3rd"]
[Site "Los Angeles"]
[Date "2022.08.03"]
[Round "1"]
[White "Ghazarian, Kirk Vagho"]
[Black "Ezra, Paul Chambers"]
[Result "1-0"]
[WhiteElo "2426"]
[BlackElo "2241"]
[PlyCount "59"]
[EventDate "2022.08.03"]
[EventType "swiss"]
[EventRounds "9"]
[EventCountry "USA"]
[SourceTitle "CBM 209 Extra"]
[Source "ChessBase"]
[SourceDate "2022.09.30"]
[SourceVersion "1"]
[SourceVersionDate "2022.09.30"]
[SourceQuality "1"]

1. d4 d5 2. c4 c6 3. Nf3 Nf6 4. Nc3 e6 5. Bg5 Nbd7 6. e3 Qa5 7. Nd2 dxc4 8. Bxf6 Nxf6 9. Nxc4 Qc7 10. Rc1 Be7 11. g3 0-0 12. Bg2 Bd7 13. 0-0 Rfd8 14. e4 Be8 15. e5 Nd5 16. Ne4 Nb6 17. Na5 Nd7 18. Qe1 Nb6 19. Nb3 a5 20. Qe3 Nd5 21. Qe2 a4 22. Nbc5 b6 23. Nd3 a3 24. b3 Qa7 25. Rfd1 Nc7 26. Nf4 Nb5 27. Nh5 Kh8 28. Nxg7 Kxg7 29. Qg4+ Kh6 30. Nf6 1-0

[Event "Saint Louis Congress IM"]
[Site "Saint Louis"]
[Date "2022.05.23"]
[Round "8"]
[White "Tokhirjonova, Gulruhbegim"]
[Black "Ezra, Paul Chambers"]
[Result "1-0"]
[WhiteElo "2337"]
[BlackElo "2232"]
[PlyCount "123"]
[EventDate "2022.05.19"]
[EventType "tourn"]
[EventRounds "9"]
[EventCountry "USA"]
[EventCategory "3"]
[SourceTitle "CBM 208 Extra"]
[Source "ChessBase"]
[SourceDate "2022.07.31"]
[SourceVersion "1"]
[SourceVersionDate "2022.07.31"]
[SourceQuality "1"]

1. Nf3 d5 2. g3 Nf6 3. Bg2 c6 4. 0-0 Bf5 5. c4 e6 6. Qb3 Qb6 7. d3 Nbd7 8. cxd5 exd5 9. Qc2 Be7 10. Nc3 h6 11. e4 dxe4 12. dxe4 Bh7 13. Be3 Qa6 14. Rfd1 0-0 15. Qb3 Nc5 16. Qb4 Qb6 17. Qc4 Qa6 18. Qxa6 Nxa6 19. e5 Ng4 20. Bd4 f6 21. exf6 Nxf6 22. Re1 Bc5 23. Rad1 Rad8 24. h3 Bb6 25. Bf1 Bxd4 26. Nxd4 Nc5 27. f3 a5 28. Re5 Nfd7 29. Re7 Bg6 30. f4 Rfe8 31. Bc4+ Kf8 32. Rxe8+ Rxe8 33. f5 Bf7 34. Bxf7 Kxf7 35. Ne6 g6 36. Nd4 Nf6 37. Kg2 Re3 38. fxg6+ Kxg6 39. Nde2 b5 40. Nf4+ Kf7 41. Kf2 Re7 42. Kf3 Nfd7 43. Rd6 Ne5+ 44. Kg2 Ne6 45. b3 Nxf4+ 46. gxf4 Ng6 47. Kf3 Re6 48. Rd7+ Ne7 49. Ra7 Rd6 50. Ne4 Rd3+ 51. Kg4 Rd4 52. Ng3 Rd5 53. Rxa5 Rd3 54. Ra7 Kf8 55. h4 Nd5 56. Ne4 Rd4 57. Kf5 Ne3+ 58. Ke5 Rd8 59. Nf6 Ng2 60. h5 c5 61. Nd7+ Kg8 62. Nxc5 1-0